Greek sources of the Avar history of the ninth century

Elmentve itt :
Bibliográfiai részletek
Szerző: Szarka József
Dokumentumtípus: Cikk
Megjelent: 2002
Sorozat:Chronica 2
Kulcsszavak:Avarok története - 9. sz. - forrás
Tárgyszavak:
Online Access:http://acta.bibl.u-szeged.hu/5748
LEADER 00701nab a2200205 i 4500
001 acta5748
005 20251006102116.0
008 161015s2002 hu o 000 eng d
022 |a 1588-2039 
040 |a SZTE Egyetemi Kiadványok Repozitórium  |b hun 
041 |a eng 
100 1 |a Szarka József 
245 1 0 |a Greek sources of the Avar history of the ninth century  |h [elektronikus dokumentum] /  |c  Szarka József 
260 |c 2002 
300 |a 151-159 
490 0 |a Chronica  |v 2 
650 4 |a Bölcsészettudományok 
650 4 |a Történettudomány és régészet 
695 |a Avarok története - 9. sz. - forrás 
856 4 0 |u http://acta.bibl.u-szeged.hu/5748/1/chronica_002_151-159.pdf  |z Dokumentum-elérés